000 00897nam a2200169 a 4500
008 220124s2011 xx |||||||||||||| || u
050 _aCTA(05)SP/2011
110 _aTechnical Centre for Agricultural and Rural Cooperation (CTA)
245 1 0 _aSpore : modernising farms : paths to success : special issue August 2011
_cTechnical Centre for Agricultural and Rural Cooperation (CTA)
260 _a
_bCTA
_c2011
650 7 _aAGRICULTURAL POLICY
_2unbist
650 _aAGRICULTURE AND RURAL DEVELOPMENT
650 _aAGRICULTURAL INNOVATIONS--DEVELOPING COUNTRIES
650 _a FARM PRODUCE--MARKETING
995 _aSPECIAL COLLECTIONS
_e4566
_FCBU-MAIN LIBRARY (Kitwe)
_jCTA(05)SP/2011A
_M1
_UAVAILABLE
_WJan 25, 2022
_yB4566
_ZInternational Publications
995 _aSPECIAL COLLECTIONS
_e4567
_FCBU-MAIN LIBRARY (Kitwe)
_jCTA(05)SP/2011B
_M2
_UAVAILABLE
_WJan 25, 2022
_yB4567
_ZInternational Publications
999 _c76714
_d76714